| 000 | 00970 a2200241 4500 | ||
|---|---|---|---|
| 003 | NUST | ||
| 005 | 20230606165515.0 | ||
| 010 | _a 94048034 | ||
| 020 | _a0716782928 | ||
| 040 | _cNust | ||
| 082 | 0 | 0 | _a005.73,HOR |
| 100 | 1 |
_aHorowitz, Ellis. _9113023 |
|
| 245 | 1 | 0 |
_aFundamentals of data structures in C++ / _cEllis Horowitz, Sartaj Sahni, Dinesh Mehta. |
| 246 | 3 | 0 | _aData structures C++ |
| 260 |
_aNew York : _bComputer Science Press, _cc1995. |
||
| 300 |
_axx, 653 p. ; _bill. ; _c25 cm. |
||
| 505 | _aBasic Concepts (Page-1), Arrays (Page-66), Stacks and Queues (Page-119), Linked Lists (Page-161), Trees (Page-246), Graphs (Page-330), Sorting (Page-397), Hashing (Page-464), Heap Structures (Page-497), Search Structures (Page-541), Index (Page-646). | ||
| 650 | 0 | _aC++ (Computer program language) | |
| 650 | 0 | _aData structures (Computer science) | |
| 700 | 1 |
_aMehta, Dinesh P. _995067 |
|
| 700 | 1 |
_aSahni, Sartaj. _960808 |
|
| 942 |
_2ddc _cBK _k005.73,HOR |
||
| 999 |
_c188855 _d188855 |
||